GUESS THE MUMBLE RAPPER??? - Statistics

General Stats
  • This quiz has been taken 1,361 times
  • The average score is 11 of 15
Answer Stats
Picture Hint Answer % Correct
SAD! XXXTentacion
96%
Xo Tour Life LiL Uzi Vert
95%
Gucci Gang LiL Pump
94%
Broccoli LiL Yachty
94%
GUMMO 6ix9ine
90%
Congratulations Post Malone
87%
Poles1469 Trippie Redd
84%
Magnolia Playboi Carti
77%
Noticed LiL Mosey
76%
Best Friend Young Thug
65%
Japan Famous Dex
59%
Plug Walk Rich The Kid
59%
Drowning A Boogie Wit Da Hoodie
55%
Rubbin Off The Paint YBN Nahmir
54%
Nephew Smokepurpp
53%
No matching quizzes found
Score Distribution
Percent of People with Each Score
Percentile by Number Answered
Your Score History
You have not taken this quiz